000 02035nam0a22003731 4500
001 RU\NLR\Evr\6758
005 20260406081413.0
035 _a(NLR Aleph) 011423137
090 _a11615396
_c11615396
100 _a20140123d1927 u y0rusy50 ca
101 0 _ayid
102 _aRU
105 _aa |||||||||
200 1 _6a01
_7ba
_aPartaysher alefbeys
_eLer-bukh far farkirtste politshuln un far zelbstbildung
_fG. Abeshoyz un A. Protasov
_gYidish: Sh. Palatnik
_hTsveyter teyl
210 _6a01
_aMoskve
_cTsentraler felker-farlag fun F.S.S.R.
_d1927
_7ba
210 _6a01
_9z02
_aמאָסקווע
_cצענטראלער פעלקער-פארלאג פון פ.ס.ס.ר
_d1927
210 _9z02
_aМосква
_cЦентральное издательство народов СССР
_d1927
_7ca
215 _a260 с.
_cИл.
_d19 см.
225 1 _6a01
_7ba
_aHilfs-bikher far politshuln
225 1 _6a01
_9z02
_aהילפס-ביכער פאר פּאָליטשולן
225 1 _7ca
_9z02
_aКниги в помощь политшколам
510 1 _6a01
_aפּארטייאישער אלעפבייס
_eלער-בוך פאר פארקירצט פּאָליטשולן און פאר זעלבסטבילדונג
_fא. אבעסהויז און א. פּראָטאסאָוו
_gיידיש: ש. פּאלאטניק
_hצווייטער טייל
541 1 _aПартийная азбука
_eУчебник для сокращенных пролитшкол и для самообразования
_hВторая часть
_zrus
700 1 _4340
_7ca
_8rus
_aАбезгауз
_bГ. М.
_f1900-1937
_gГавриил Моисеевич
_3RU\NLR\AUTH\770256125
_9256069
701 1 _4070
_7ca
_8rus
_aПротасов
_bА. В.
_cпропагандист
_9256324
_3RU\NLR\AUTH\770256380
702 1 _aПалатник
_bШ.
_3RU\NLR\AUTH\7953312
_4730
_7ca
801 0 _aRU
_bNLR
_c20140123
_gpsbo
801 0 _aRU
_bNLR
_gPSBO
801 1 _aRU
_bNLR
_c20140123
_2rusmarc
852 _aNLR
_bОЛСАА/идиш
_jК-1731
942 _cBOOK
980 1 _aIDISH
980 _aNB